Bruno Mars - Toutes les chansons - Statistiques

Statistiques générales
  • Ce quiz a été pris 204 fois
    15 depuis la dernière actualisation
  • Le résultat moyen est 21 sur 59
Statistiques - réponses
Hint Réponse % Correct
24K Magic 1 24K Magic
100%
Doo-Wops and Hooligans 7 Talking to the Moon
89%
The Romantic 3 I Just Might
78%
24K Magic 4 That's What I Like
78%
Doo-Wops and Hooligans 9 Count on Me
67%
Doo-Wops and Hooligans 1 Grenade
67%
An Evening with Silk Sonic 2 Leave the Door Open
67%
Doo-Wops and Hooligans 6 Marry You
67%
Collaborations 2019 Please Me de Cardi B
67%
The Romantic 1 Risk It All
67%
Collaborations 2024 APT. de Rosé
56%
Collaborations 2024 Die With a Smile de Lady Gaga
56%
Singles 2011 It Will Rain
56%
Doo-Wops and Hooligans 5 The Lazy Song
56%
Unorthodox Jukebox 6 When I Was Your Man
56%
The Romantic 2 Cha Cha Cha
44%
Unorthodox Jukebox 3 Gorilla
44%
Unorthodox Jukebox 2 Locked Out of Heaven
44%
24K Magic 3 Perm
44%
An Evening with Silk Sonic 8 Skate
44%
Unorthodox Jukebox 4 Treasure
44%
24K Magic 5 Versace On The Floor
44%
An Evening with Silk Sonic 7 777
33%
An Evening with Silk Sonic 9 Blast Off
33%
Singles 2025 Bonde do Brunao
33%
The Romantic 9 Dance with Me
33%
24K Magic 8 Finesse
33%
Singles 2018 Finesse (featuring Cardi B)
33%
The Romantic 4 God Was Showing Off
33%
Doo-Wops and Hooligans 2 Just the Way You Are
33%
Unorthodox Jukebox 7 Natalie
33%
The Romantic 8 Nothing Left
33%
The Romantic 6 On My Soul
33%
Doo-Wops and Hooligans 4 Runaway Baby
33%
The Romantic 7 Something Serious
33%
The Romantic 5 Why You Wanna Fight?
33%
An Evening with Silk Sonic 4 After Last Night (featuring Thundercat & Bootsy Collins)
22%
Collaborations 2019 BLOW de Ed Sheeran avec Chris Stapleton
22%
24K Magic 2 Chunky
22%
Collaborations 2025 Fat Juicy & Wet de Sexxy Red
22%
An Evening with Silk Sonic 1 Silk Sonic Intro
22%
Doo-Wops and Hooligans 11 Somewhere in Brooklyn
22%
Singles 2018 Wake Up in the Sky
22%
Unorthodox Jukebox 1 Young Girls
22%
24K Magic 7 Calling All My Lovelies
11%
An Evening with Silk Sonic 3 Fly as Me
11%
Unorthodox Jukebox 10 If I Knew
11%
Unorthodox Jukebox 9 Money Make Her Smile
11%
Doo-Wops and Hooligans 3 Our First Time
11%
Unorthodox Jukebox 8 Show Me
11%
An Evening with Silk Sonic 5 Smokin Out the Window
11%
24K Magic 6 Straight Up & Down
11%
Doo-Wops and Hooligans 10 The Other Side (featuring Cee Lo Green and B.o.B)
11%
24K Magic 9 Too Good to Say Goodbye
11%
Doo-Wops and Hooligans 8 Liquor Store Blues (featuring Damian Marley)
0%
Singles 2026 Lo Arriesgo Todo
0%
Unorthodox Jukebox 5 Moonshine
0%
Unorthodox Jukebox 11 Old & Crazy
0%
An Evening with Silk Sonic 6 Put On a Smile
0%
Aucun quiz correspondant
Distribution des résultats
% des personnes avec chaque résultat
Percentile par nombre de réponses
Votre historique - résultats
Vous n’avez pas pris ce quiz depuis la dernière actualisation